Famous Ears Quiz Stats

 Plays Quiz Updated Dec 5, 2018

Support Sporcle.
Go Orange.
Score 0/20 Timer 03:00
0 Plays Today
Image Character % Correct
Mickey Mouse
99.2%
Bugs Bunny
97.9%
Dumbo
97.5%
Garfield
94.7%
Shrek
91.6%
Hello Kitty
87.6%
Piglet
81%
Pikachu
76.3%
Goofy
72.2%
Stitch
71.8%
Image Character % Correct
Batman
65.1%
Porky Pig
63.4%
Snoopy
55.9%
Yoda
54.7%
Eeyore
54.6%
Scooby-Doo
50%
Fozzie Bear
36%
Miss Piggy
28.4%
Gromit
24.8%
The Pink Panther
22.2%

You're not logged in!

Compare scores with friends on all Sporcle quizzes.
OR
Log In

From the Vault

Criteria Numbers (40-50)

by Babamots

Calculators are for cheaters. Real mathematicians still use an abacus.
Remove Ads.
Support Sporcle.
Get the best of Sporcle when you Go Orange. This ad-free experience offers more features, more stats, and more fun while also helping to support Sporcle. Thank you for becoming a member.

Show Comments

Extras

Top Quizzes Today


Score Distribution

Your Account Isn't Verified!

In order to create a playlist on Sporcle, you need to verify the email address you used during registration. Go to your Sporcle Settings to finish the process.

Report this User

Report this user for behavior that violates our Community Guidelines.

Details: